| 000 | 00354nam a2200145Ia 4500 | ||
|---|---|---|---|
| 008 | 210719s1864 xx 000 0 und d | ||
| 041 | _aeng | ||
| 082 | _a821.8 FURL | ||
| 100 | _aFURNIVALL (F J) Ed | ||
| 245 | _aLe morte Arthur. | ||
| 260 |
_aLondon _bMacmillan & Co. Ltd. _c1864 |
||
| 300 |
_alvi,190 _bHB |
||
| 365 | _cRs | ||
| 650 | _aEnglish Poetry | ||
| 999 |
_c214032 _d214032 |
||